Statystyki dla Filmy Quentina Tarantino

Kliknij tutaj aby rozwiązać quiz!

Ogólne statystyki

  • Ten quiz został rozwiązany 597 razy
  • Średni wynik to 8 z 15

Statystyki odpowiedzi

RokTytuł FilmuUwagi% Poprawnych
1994Pulp FictionDrugi film Tarantino
93%
2012DjangoSiódmy film Tarantino
85%
2019Pewnego Razu w HollywoodDziewiąty film Tarantino
82%
2003Kill BillCzwarty film Tarantino
80%
2004Kill Bill vol. IIPiąty film Tarantino
80%
2009Bękarty WojnySzósty film Tarantino
77%
1992Wściekłe PsyPierwszy film Tarantino
71%
2015Nienawistna ÓsemkaÓsmy film Tarantino
70%
1997Jackie BrownTrzeci film Tarantino. Adaptacja powieści Elmore'a Leonarda
39%
1995Cztery PokojeWyreżyserowany tylko jeden segment filmu
30%
2007Grindhouse: Death ProofWyreżyserowany w połowie. W Europie pokazywany jako osobny film
29%
2005Sin City: Miasto GrzechuJako Special Guest Director wyreżyserowana jedna scena
29%
1996Od Zmierzchu Do ŚwituTylko scenariusz + rola w filmie
22%
1994Urodzeni MordercyTylko scenariusz
14%
1993Prawdziwy RomansTylko scenariusz
12%

Rozkład punktacji

Percentyl według liczby udzielonych odpowiedzi

Procent ludzi z każdym wynikiem

Twoja historia wyników

Nie rozwiązałeś tego quizu